Ratix
Shranjeno v:
| Glavni avtor: | |
|---|---|
| Format: | Knjiga |
| Jezik: | španščina |
| Izdano: |
Santiago
Universidad de Chile
1983
|
| Izdaja: | 1a. ed |
| Teme: | |
| Oznake: |
Označite
Brez oznak, prvi označite!
|
MARC
| LEADER | 00000cam a2200000 a 4500 | ||
|---|---|---|---|
| 001 | UCD6958 | ||
| 003 | CL-VaPUC | ||
| 008 | 170303e19831100cl |||||||||||||||||spa|d | ||
| 082 | 0 | 4 | |a 658.4 |b JOH |2 21 |
| 100 | |a Johansen Bertoglio, Oscar |e author |9 590862 | ||
| 245 | 1 | 0 | |a Ratix |
| 250 | |a 1a. ed | ||
| 300 | |a 225 p | ||
| 942 | |c BK | ||
| 945 | |d 20170303 17:35:00 |a arojas | ||
| 260 | |a Santiago |b Universidad de Chile |c 1983 | ||
| 650 | 0 | |a Planificación estratégica |9 259735 | |
| 650 | 0 | |a Administración de empresas |9 260833 | |
| 583 | |a last modification |c 20170303 17:35:00 |k Rodrigo Vera | ||
| 999 | |c 367130 |d 367128 | ||
| 952 | |0 0 |1 0 |3 erb |4 0 |6 658_400000000000000_JOH_1983 |7 0 |8 A |9 481822 |a BIBENE |b BIBENE |i 5328020 |l 1 |m 7 |o 658.4 JOH 1983 |p 5328020 |q 2025-07-11 |r 2022-03-02 |s 2022-03-02 |w 2019-11-24 |y BK |z Catalogado en:20170303 |k ICO | ||